|
|
|
|
| LEADER |
00000cam a2200000 c 4500 |
| 001 |
573141312 |
| 003 |
DE-627 |
| 005 |
20240723095717.0 |
| 007 |
tu |
| 008 |
080731s1588 it ||||| 00| ||ita c |
| 026 |
|
|
|e dili a.r. o.io didi 3 1588R
|2 fei
|5 DE-39
|
| 035 |
|
|
|a (DE-627)573141312
|
| 035 |
|
|
|a (DE-576)9573141310
|
| 035 |
|
|
|a (DE-599)GBV573141312
|
| 035 |
|
|
|a (OCoLC)254973842
|
| 040 |
|
|
|a DE-627
|b ger
|c DE-627
|e rakwb
|
| 041 |
|
|
|a ita
|a lat
|
| 044 |
|
|
|c XA-IT
|
| 084 |
|
|
|a 11.31
|2 bkl
|
| 245 |
0 |
0 |
|a Dichiaratione De I Salmi Di David
|c Fatta Dal R. P. F. Francesco Panigarola, Minore Osseruante
|
| 264 |
|
1 |
|a Bergamo
|b Ventura
|c 1588
|
| 300 |
|
|
|a [8] Bl., 648 S., [3] Bl.
|b Druckerm. (Holzschn.), Ill. (Holzschn.)
|c 18°
|
| 336 |
|
|
|a Text
|b txt
|2 rdacontent
|
| 337 |
|
|
|a ohne Hilfsmittel zu benutzen
|b n
|2 rdamedia
|
| 338 |
|
|
|a Band
|b nc
|2 rdacarrier
|
| 500 |
|
|
|a Vorlageform der Veröffentlichungsangabe: In Bergamo, Per Comino Ventura
|
| 655 |
|
7 |
|a Bibel
|0 (DE-627)09663099X
|2 local
|
| 700 |
1 |
|
|0 (DE-588)128520310
|0 (DE-627)374203083
|0 (DE-576)165738928
|4 oth
|a Panigarola, Francesco
|d 1548-1594
|
| 700 |
0 |
|
|a Katharina
|c Savoyen, Herzogin
|e Widmungsempfänger
|4 oth
|
| 700 |
1 |
|
|a Mageni, Giovanni Battista
|e Beiträger
|4 oth
|
| 700 |
1 |
|
|0 (DE-588)124465196
|0 (DE-627)363366741
|0 (DE-576)215742001
|4 prt
|a Ventura, Comino
|d 1550-1617
|
| 730 |
0 |
2 |
|a Psalmi <ital. u. lat.>
|
| 935 |
|
|
|a FBGO
|a mteo
|
| 936 |
b |
k |
|a 11.31
|j Bibeltext
|j Bibelübersetzungen
|0 (DE-627)10641528X
|
| 951 |
|
|
|a BO
|
| BIB |
|
|
|a 1
|
| ELC |
|
|
|b 1
|
| LOK |
|
|
|0 000 xxxxxcx a22 zn 4500
|
| LOK |
|
|
|0 001 4555784375
|
| LOK |
|
|
|0 003 DE-627
|
| LOK |
|
|
|0 004 573141312
|
| LOK |
|
|
|0 005 20250203080648
|
| LOK |
|
|
|0 008 240723||||||||||||||||ger|||||||
|
| LOK |
|
|
|0 040
|a DE-Tue135
|c DE-627
|d DE-Tue135
|
| LOK |
|
|
|0 092
|o n
|
| LOK |
|
|
|0 852
|a DE-Tue135
|
| LOK |
|
|
|0 852 1
|9 00
|
| LOK |
|
|
|0 866
|x SPQUE#Forschungsbibliothek Gotha#SPSAM#Herzogliche Sammlung (Theologie)#SPSYS#03 Theologie
|
| LOK |
|
|
|0 866
|x SPQUE#Forschungsbibliothek Gotha#SPSAM#Bestand Theologie (bis 2024-03)
|
| LOK |
|
|
|0 935
|a FBGO
|a gohs
|a goth
|
| LOK |
|
|
|0 939
|a 23-07-24
|b l01
|
| ORI |
|
|
|a SA-MARC-ixtheoa001.raw
|
| SUB |
|
|
|a BIB
|